[Event "Mumbai Aurionpro U14 op"]
[Site "Mumbai"]
[Date "2025.06.21"]
[Round "6"]
[White "Rishen, Jilowa"]
[Black "Avirat, Chauhan"]
[Result "0-1"]
[WhiteElo "1775"]
[BlackElo "2168"]
[PlyCount "82"]
[EventDate "2025.06.16"]
[EventType "swiss"]
[EventRounds "9"]
[EventCountry "IND"]
[SourceTitle "CB26_2025"]
[SourceDate "2025.06.25"]
[SourceVersion "1"]
[SourceVersionDate "2025.06.25"]
[SourceQuality "1"]

1. c4 Nf6 2. g3 e6 3. Bg2 d5 4. cxd5 exd5 5. Nf3 Be7 6. 0-0 0-0 7. d3 c5 8. d4 Nc6 9. Nc3 Be6 10. Bf4 c4 11. Ne5 Qb6 12. b3 cxb3 13. axb3 Rfc8 14. Nxc6 Rxc6 15. Rc1 Rac8 16. Na4 Rxc1 17. Bxc1 Qb5 18. Bg5 b6 19. Qb1 Qxe2 20. Rc1 Qa6 21. Nc3 Qa5 22. Bxf6 gxf6 23. Ne2 Qd2 24. Rxc8+ Bxc8 25. Nf4 Qxd4 26. Nxd5 Bc5 27. Ne3 Be6 28. Bf1 Qb4 29. Qa1 Qxb3 30. Qxf6 Bxe3 31. Qd8+ Kg7 32. fxe3 Qxe3+ 33. Kg2 Qe5 34. Qd3 Qd5+ 35. Kf2 Qxd3 36. Bxd3 h6 37. Ba6 Kf6 38. h4 Ke5 39. Ke3 f6 40. Bb5 a5 41. Ba4 Bc4 0-1

[Event "Mumbai Aurionpro U14 op"]
[Site "Mumbai"]
[Date "2025.06.18"]
[Round "3"]
[White "Avirat, Chauhan"]
[Black "Pratyush, Kumar1"]
[Result "1/2-1/2"]
[WhiteElo "2168"]
[BlackElo "1773"]
[PlyCount "86"]
[EventDate "2025.06.16"]
[EventType "swiss"]
[EventRounds "9"]
[EventCountry "IND"]
[SourceTitle "CB26_2025"]
[SourceDate "2025.06.25"]
[SourceVersion "1"]
[SourceVersionDate "2025.06.25"]
[SourceQuality "1"]

1. c4 e5 2. g3 Nf6 3. Bg2 d5 4. cxd5 Nxd5 5. Nc3 Nb6 6. Nf3 Nc6 7. 0-0 Be7 8. d3 0-0 9. Be3 Be6 10. d4 exd4 11. Nxd4 Nxd4 12. Bxd4 c6 13. a4 Nc4 14. Ne4 Bd5 15. b3 Na5 16. b4 Nb3 17. Rb1 Bxe4 18. Rxb3 Bxg2 19. Kxg2 Qd5+ 20. Kg1 Rfd8 21. Rd3 Qc4 22. Bc5 Qe6 23. Qb3 Qxb3 24. Rxb3 Bf6 25. Be3 Rd5 26. Rc1 a6 27. Kg2 Rad8 28. Rc2 h6 29. Kf3 Rf5+ 30. Kg2 Rfd5 31. h3 Kh7 32. Kf3 Rf5+ 33. Kg2 Rfd5 34. Rc4 Bd4 35. Bxd4 Rxd4 36. Rxd4 Rxd4 37. Kf3 Rd2 38. e4 Kg6 39. Ke3 Ra2 40. a5 Kf6 41. f4 Ke6 42. Kd4 Rc2 43. g4 f6 1/2-1/2

[Event "Bengaluru Namma op 2nd"]
[Site "Bengaluru"]
[Date "2025.04.13"]
[Round "5"]
[White "Avirat, Chauhan"]
[Black "Vignesh, B2."]
[Result "0-1"]
[WhiteElo "2145"]
[BlackElo "2191"]
[PlyCount "94"]
[EventDate "2025.04.10"]
[EventType "swiss"]
[EventRounds "10"]
[EventCountry "IND"]
[SourceTitle "CB18_2025"]
[SourceDate "2025.04.30"]
[SourceVersion "1"]
[SourceVersionDate "2025.04.30"]
[SourceQuality "1"]

1. e4 c6 2. d4 d5 3. Nc3 dxe4 4. Nxe4 Nf6 5. Nxf6+ exf6 6. Be3 Qb6 7. Qe2 Bd6 8. 0-0-0 0-0 9. Qh5 Be6 10. Kb1 g6 11. Qe2 Qa5 12. c4 Bf5+ 13. Ka1 Na6 14. Bd2 Bb4 15. Nf3 Rfe8 16. Be3 Bf8 17. Rd3 Nb4 18. Ra3 Nc2+ 19. Qxc2 Bxa3 20. Bd3 Bxd3 21. Qxd3 Bf8 22. g4 b5 23. c5 Qd8 24. d5 Qxd5 25. Qxd5 cxd5 26. Rc1 Re4 27. Nd4 Rc8 28. Nxb5 d4 29. Nxd4 Rxc5 30. Rg1 Rd5 31. Ne2 Rd7 32. Nc3 Rc4 33. Kb1 Bc5 34. Bxc5 Rxc5 35. Kc2 Kg7 36. b4 Rc4 37. a3 Rf4 38. Rg2 Rf3 39. Nb1 Rd4 40. Kb2 Rdf4 41. b5 Rxf2+ 42. Rxf2 Rxf2+ 43. Kb3 Rxh2 44. a4 h5 45. gxh5 gxh5 46. a5 Re2 47. Nc3 Re6 0-1

[Event "Bengaluru Namma op 2nd"]
[Site "Bengaluru"]
[Date "2025.04.11"]
[Round "3"]
[White "Sammed Jaykumar, Shete"]
[Black "Avirat, Chauhan"]
[Result "1-0"]
[WhiteElo "2391"]
[BlackElo "2145"]
[PlyCount "111"]
[EventDate "2025.04.10"]
[EventType "swiss"]
[EventRounds "10"]
[EventCountry "IND"]
[SourceTitle "CB18_2025"]
[SourceDate "2025.04.30"]
[SourceVersion "1"]
[SourceVersionDate "2025.04.30"]
[SourceQuality "1"]

1. e4 e5 2. Nc3 Nf6 3. g3 Bc5 4. Bg2 d6 5. Nge2 Nc6 6. Na4 a5 7. Nxc5 dxc5 8. d3 Qe7 9. h3 b6 10. 0-0 Ba6 11. Nc3 0-0-0 12. Bg5 Bc4 13. f4 h6 14. Bxf6 Qxf6 15. Qh5 g6 16. Qe2 Nd4 17. Qd1 Be6 18. f5 Bd7 19. Nd5 Qg5 20. c3 Nc6 21. Qf3 Rdg8 22. Kh2 Qd8 23. a3 gxf5 24. exf5 Rg5 25. Ne3 Rhg8 26. g4 h5 27. b4 hxg4 28. hxg4 e4 29. Qxe4 Qf6 30. b5 Qe5+ 31. Rf4 Re8 32. bxc6 Qh8+ 33. Kg1 Rxe4 34. cxd7+ Kxd7 35. Rxe4 Qxc3 36. Rd1 Qb3 37. Re1 Rg7 38. Nd5 Kc6 39. Nf6 Kb5 40. Ne8 Qb2 41. Nxc7+ Kc6 42. R4e2+ Kxc7 43. Rxb2 Rxg4 44. Re7+ Kd6 45. f6 c4 46. Rxb6+ Kc5 47. Rc6+ Kd4 48. Rxc4+ Kxd3 49. Rxg4 a4 50. Bf1+ Kc3 51. Rc4+ Kb3 52. Rb7+ Ka2 53. Rc2+ Ka1 54. Rc1+ Ka2 55. Bc4+ Kxa3 56. Ra1# 1-0

[Event "Hyderabad Varas op"]
[Site "Hyderabad"]
[Date "2024.10.19"]
[Round "8"]
[White "Avirat, Chauhan"]
[Black "Neelash, Saha"]
[Result "1-0"]
[WhiteElo "1909"]
[BlackElo "2467"]
[PlyCount "117"]
[EventDate "2024.10.15"]
[EventType "swiss"]
[EventRounds "9"]
[EventCountry "IND"]
[SourceTitle "CB43_2024"]
[Source "Chessbase"]
[SourceDate "2024.10.23"]
[SourceVersion "1"]
[SourceVersionDate "2024.10.23"]
[SourceQuality "1"]

1. e4 c6 2. d4 d5 3. Nc3 dxe4 4. Nxe4 Nf6 5. Nxf6+ exf6 6. Be3 Bd6 7. Bd3 0-0 8. Ne2 Re8 9. 0-0 Nd7 10. c4 Nf8 11. Ng3 g6 12. Ne4 Be7 13. Nc3 f5 14. d5 Bf6 15. Qd2 Nd7 16. Be2 Bxc3 17. bxc3 c5 18. Rfe1 b6 19. Bg5 f6 20. Be3 Ne5 21. Rad1 Qd6 22. f4 Nf7 23. Bf3 Ba6 24. Qd3 Rad8 25. Bf2 Rxe1+ 26. Rxe1 Qxf4 27. Bg3 Qxc4 28. Qe3 Rxd5 29. Qe7 Kg7 30. Bxd5 Qxd5 31. Re6 Bb5 32. Qxf6+ Kg8 33. h3 f4 34. Bxf4 Qf5 35. Qxf5 gxf5 36. Re7 a6 37. Rb7 Bc4 38. Rxb6 Bxa2 39. Rxa6 Bb1 40. Rc6 Kf8 41. Rxc5 Ke7 42. Kf2 Be4 43. g3 Ke6 44. Rc4 Bd5 45. Rd4 h5 46. c4 Bb7 47. Ke3 Bg2 48. h4 Bf1 49. Kd2 Ke7 50. Kc3 Ke8 51. Rd1 Bg2 52. Kd4 Kd7 53. Ra1 Nd8 54. Kc5 Kc8 55. Ra7 Ne6+ 56. Kb6 Nf8 57. Rc7+ Kd8 58. Bg5+ Ke8 59. Re7+ 1-0